| 000 | 00798nam a22002177a 4500 | ||
|---|---|---|---|
| 999 |
_c15800 _d15800 |
||
| 003 | AR-CdUCM | ||
| 008 | 190313b ||||| |||| 00| 0 spa d | ||
| 040 |
_aMUNICIPALIDAD PROVINCIAL DEL CUSCO _cBIBLIOTECA MUNICIPAL DEL CUSCO |
||
| 082 |
_a869.56 / _bE31 / 1957 |
||
| 100 |
_aEguren, José María _917871 |
||
| 245 | _aPoesías escogidas / | ||
| 260 |
_aLima : _bPatronato del Libro Peruano, _c1957. |
||
| 300 |
_a90 páginas ; _c17 cm. |
||
| 500 | _aDonación familia Nieto | ||
| 505 | _aContenido: Lied I -- Marcha fúnebre de una Marionette -- ¡Sayonara! -- Ananke -- Las bodas Vienesas -- La dama I -- Lied II -- Los reyes rojos... | ||
| 650 |
_aPoesía peruana _9806 |
||
| 650 |
_aPoesías escogidas _917872 |
||
| 650 |
_aPerú _935 |
||
| 942 |
_2ddc _cLIBROS |
||
| 945 |
_awnts _d2019-04-30 |
||